[Event "Catalunya-chT Gp2"]
[Site "Barcelona"]
[Date "2023.02.25"]
[Round "6.2"]
[White "Alonso Bouza, Julio Javier"]
[Black "Lazaro Pujol, Abel"]
[Result "1/2-1/2"]
[WhiteElo "2384"]
[BlackElo "2348"]
[PlyCount "82"]
[EventDate "2023.01.21"]
[EventType "team-tourn"]
[EventRounds "7"]
[EventCountry "ESP"]
[SourceTitle "CBM 213 Extra"]
[Source "ChessBase"]
[SourceDate "2023.05.31"]
[SourceVersion "1"]
[SourceVersionDate "2023.05.31"]
[SourceQuality "1"]
[WhiteTeam "Cerdanyola Valles"]
[BlackTeam "Figueres"]
[WhiteTeamCountry "ESP"]
[BlackTeamCountry "ESP"]

1. e4 e5 2. Nf3 Nc6 3. Nc3 Nf6 4. d4 exd4 5. Nxd4 Bb4 6. Nxc6 bxc6 7. Bg5 h6 8. Bh4 g5 9. Bg3 Nxe4 10. Qd4 Bxc3+ 11. bxc3 0-0 12. Bd3 d5 13. Bxe4 dxe4 14. h4 f6 15. hxg5 hxg5 16. 0-0-0 Qe7 17. Qa4 Bf5 18. Qa5 e3 19. Rd4 c5 20. Rc4 e2 21. Re1 Rfd8 22. Qxc5 Qe6 23. Rd4 Rxd4 24. cxd4 c6 25. Kd2 Re8 26. Qxa7 c5 27. Qxc5 Rc8 28. Rxe2 Rxc5 29. Rxe6 Rxc2+ 30. Kd1 Bxe6 31. Kxc2 Bxa2 32. Kc3 Kf7 33. Bc7 Ke6 34. Bd8 g4 35. Kb4 Bd5 36. g3 f5 37. Kc5 Bf3 38. Bg5 Bg2 39. Bf4 Bf3 40. Bg5 Bg2 41. Bf4 Bf3 1/2-1/2

[Event "Catalunya-chT Relegation"]
[Site "Barcelona"]
[Date "2022.03.26"]
[Round "1.2"]
[White "Molina Carretero, Daniel"]
[Black "Alonso Bouza, Julio Javier"]
[Result "1-0"]
[WhiteElo "2211"]
[BlackElo "2388"]
[PlyCount "159"]
[EventDate "2022.03.26"]
[EventType "team-tourn"]
[EventRounds "2"]
[EventCountry "ESP"]
[SourceTitle "CBM 208 Extra"]
[Source "ChessBase"]
[SourceDate "2022.07.31"]
[SourceVersion "1"]
[SourceVersionDate "2022.07.31"]
[SourceQuality "1"]
[WhiteTeam "Gerunda"]
[BlackTeam "Cerdanyola Valles"]
[WhiteTeamCountry "ESP"]
[BlackTeamCountry "ESP"]

1. c4 e6 2. Nf3 d5 3. b3 Nf6 4. g3 Be7 5. Bg2 0-0 6. Bb2 b6 7. 0-0 Bb7 8. e3 Nbd7 9. Nc3 c5 10. Qe2 Rc8 11. cxd5 exd5 12. d4 Re8 13. Rfd1 Bd6 14. dxc5 bxc5 15. Nh4 Nb6 16. Nf5 Bb8 17. Rac1 Qd7 18. Bh3 Re6 19. Nxg7 Kxg7 20. Ne4 Rxe4 21. Bxf6+ Kxf6 22. Bxd7 Nxd7 23. Qh5 Ke7 24. Qxh7 Bd6 25. Qf5 Re5 26. Qd3 Rh8 27. h4 Rg8 28. Qb5 Ba8 29. Qa6 Re4 30. Kf1 Rb4 31. Qe2 Bc6 32. Qc2 Ne5 33. Qf5 Bb5+ 34. Kg1 Bc6 35. Rxc5 Bd7 36. Qh7 Rg6 37. Rcxd5 Nf3+ 38. Kf1 Bh3+ 39. Ke2 Bg4 40. Qh8 Ne5+ 41. Kd2 Re6 42. Kc3 Rb8 43. Qh7 Bxd1 44. Rxd1 Ng6 45. Qh5 Re5 46. Qe2 Ba3 47. Rd4 Rc8+ 48. Rc4 Rxc4+ 49. bxc4 Nf8 50. f4 Ra5 51. Kb3 Ne6 52. h5 Nc5+ 53. Kc2 Bb4 54. Kb1 Na4 55. Qd3 Nc3+ 56. Kb2 Rxa2+ 57. Kb3 a5 58. Qf5 Ra3+ 59. Kc2 Ra2+ 60. Kd3 Na4 61. Qe5+ Kd7 62. Ke4 Bc3 63. Qb5+ Ke7 64. h6 Bf6 65. Kf5 Ba1 66. Qxa5 Nc3 67. Qe5+ Kd7 68. h7 Ne2 69. h8Q Bxe5 70. Qxe5 Nxg3+ 71. Kf6 Rh2 72. Qd5+ Kc7 73. Qxf7+ Kb6 74. Ke7 Rh6 75. Qd5 Rc6 76. e4 Rc7+ 77. Kd8 Rc5 78. Qd6+ Rc6 79. Qb4+ Ka6 80. Qa3+ 1-0

[Event "Catalunya-chT Gp2"]
[Site "Barcelona"]
[Date "2022.03.19"]
[Round "9.2"]
[White "Alonso Bouza, Julio Javier"]
[Black "Gonzalez Garcia, Jose"]
[Result "0-1"]
[WhiteElo "2396"]
[BlackElo "2466"]
[PlyCount "124"]
[EventDate "2022.01.22"]
[EventType "team-tourn"]
[EventRounds "9"]
[EventCountry "ESP"]
[SourceTitle "CBM 208 Extra"]
[Source "ChessBase"]
[SourceDate "2022.07.31"]
[SourceVersion "1"]
[SourceVersionDate "2022.07.31"]
[SourceQuality "1"]
[WhiteTeam "Cerdanyola Valles"]
[BlackTeam "Valls"]
[WhiteTeamCountry "ESP"]
[BlackTeamCountry "ESP"]

1. e4 e6 2. d4 d5 3. Nd2 c5 4. exd5 Qxd5 5. dxc5 Nf6 6. Ngf3 Qxc5 7. Bd3 Nbd7 8. 0-0 Qc7 9. a4 Be7 10. Re1 0-0 11. Nb3 Re8 12. Nbd4 a6 13. Ng5 Nc5 14. Bc4 h6 15. Ngf3 Bd6 16. Nb3 e5 17. h3 Bf5 18. Qe2 Ncd7 19. c3 Rac8 20. Nbd2 e4 21. Nd4 Bg6 22. Ba2 Ne5 23. Nf1 Nd3 24. Rd1 Bh5 25. g4 Bg6 26. Nf5 Bxf5 27. gxf5 Qc5 28. Rxd3 exd3 29. Qxd3 Rcd8 30. Qf3 Qc6 31. Qxc6 bxc6 32. Be3 Re5 33. Rd1 Nd5 34. Bxd5 Rxd5 35. Rxd5 cxd5 36. Bb6 Rb8 37. a5 Bf4 38. Kg2 g5 39. fxg6 fxg6 40. Kf3 Rf8 41. Ke2 Kf7 42. b4 Ke6 43. Kd3 Be5 44. Nd2 h5 45. Be3 Rc8 46. Bc5 g5 47. Nb3 Rc7 48. c4 g4 49. hxg4 h4 50. f4 dxc4+ 51. Kxc4 h3 52. fxe5 h2 53. Nd4+ Kf7 54. e6+ Ke8 55. Nf5 h1Q 56. Kd4 Qd1+ 57. Ke5 Qxg4 58. Kf6 Rc6 59. Ng7+ Kd8 60. Kf7 Qf3+ 61. Kg8 Qd5 62. Kf7 Rxe6 0-1

[Event "Catalunya-chT Gp2"]
[Site "Barcelona"]
[Date "2022.02.26"]
[Round "6.2"]
[White "Sole Pijuan, Ferran"]
[Black "Alonso Bouza, Julio Javier"]
[Result "0-1"]
[WhiteElo "2189"]
[BlackElo "2396"]
[PlyCount "90"]
[EventDate "2022.01.22"]
[EventType "team-tourn"]
[EventRounds "9"]
[EventCountry "ESP"]
[SourceTitle "CBM 208 Extra"]
[Source "ChessBase"]
[SourceDate "2022.07.31"]
[SourceVersion "1"]
[SourceVersionDate "2022.07.31"]
[SourceQuality "1"]
[WhiteTeam "Lleida"]
[BlackTeam "Cerdanyola Valles"]
[WhiteTeamCountry "ESP"]
[BlackTeamCountry "ESP"]

1. d4 Nf6 2. c4 c5 3. d5 b5 4. Nf3 g6 5. cxb5 a6 6. b6 Bg7 7. Nc3 0-0 8. e4 e6 9. Be2 Bb7 10. 0-0 Qxb6 11. Qd3 exd5 12. exd5 a5 13. Be3 Na6 14. Qd2 d6 15. Rfd1 Nc7 16. Bc4 Rfe8 17. Bf4 Ne4 18. Na4 Nxd2 19. Nxb6 Nxf3+ 20. gxf3 Rad8 21. Bg5 f6 22. Bd2 Re5 23. Bf4 Rf5 24. Bg3 Kf8 25. Rd3 Bh6 26. Rad1 Bf4 27. Ra3 Bxg3 28. hxg3 Na8 29. Nxa8 Rxa8 30. Rb3 Ra7 31. Rb6 Ke7 32. f4 Kd7 33. Kg2 a4 34. Kf3 h5 35. b4 axb3 36. Rxb3 Kd8 37. Rb5 Kc7 38. Bb3 Ra3 39. Rxb7+ Kxb7 40. Ke4 Ra8 41. Bc2 Rxa2 42. Rd2 Kc7 43. f3 Ra8 44. Bb3 Re8+ 45. Kd3 g5 0-1

[Event "Seville IM"]
[Site "Seville"]
[Date "2021.07.09"]
[Round "8"]
[White "Alonso Bouza, Julio Javier"]
[Black "Tadevosyan, Aspet"]
[Result "1/2-1/2"]
[WhiteElo "2407"]
[BlackElo "2250"]
[PlyCount "213"]
[EventDate "2021.07.05"]
[EventType "tourn"]
[EventRounds "9"]
[EventCountry "ESP"]
[EventCategory "3"]
[SourceTitle "CBM 203 Extra"]
[Source "ChessBase"]
[SourceDate "2021.09.30"]
[SourceVersion "1"]
[SourceVersionDate "2021.09.30"]
[SourceQuality "1"]

1. e4 c5 2. Nf3 d6 3. d4 cxd4 4. Nxd4 Nf6 5. Nd2 Nc6 6. Nxc6 bxc6 7. b3 e5 8. Bb2 Be7 9. Be2 0-0 10. 0-0 Qc7 11. c4 Be6 12. Qc2 Rac8 13. Rfd1 Nd7 14. Nf1 f5 15. exf5 Bxf5 16. Bd3 Bxd3 17. Rxd3 Bh4 18. g3 Be7 19. b4 a5 20. a3 axb4 21. axb4 d5 22. cxd5 cxd5 23. Qxc7 Rxc7 24. Rxd5 Bxb4 25. Ne3 Bc5 26. Rc1 Rfc8 27. Re1 Nb6 28. Rxe5 Bxe3 29. R5xe3 Nc4 30. Re8+ Rxe8 31. Rxe8+ Kf7 32. Rb8 Nxb2 33. Rxb2 Rc6 34. Kg2 h5 35. Rb5 g6 36. Kf3 Kf6 37. Ra5 Rb6 38. h4 Rc6 39. Ke4 Re6+ 40. Kf4 Rb6 41. Ra8 Rb4+ 42. Kf3 Rb3+ 43. Ke4 Rb4+ 44. Kd3 Rb6 45. Rf8+ Kg7 46. Rd8 Kf6 47. Ke4 Rb2 48. Rd6+ Kg7 49. f4 Rb5 50. Rd5 Rb3 51. Rd3 Rb5 52. Rd5 Rb3 53. Rg5 Kf6 54. f5 gxf5+ 55. Rxf5+ Kg6 56. Rg5+ Kh6 57. Kf4 Rb4+ 58. Kf3 Rb3+ 59. Kf4 Rb4+ 60. Kf3 Rb3+ 61. Kg2 Rb2+ 62. Kh3 Rb3 63. Ra5 Rb6 64. Kg2 Rf6 65. Ra8 Rb6 66. Re8 Ra6 67. Kf3 Rf6+ 68. Ke4 Rf1 69. Re6+ Kg7 70. Re5 Kg6 71. Re6+ Kg7 72. Re5 Kg6 73. Rg5+ Kh6 74. Ke5 Ra1 75. Rf5 Ra5+ 76. Kf4 Ra4+ 77. Kf3 Ra3+ 78. Kg2 Ra2+ 79. Rf2 Ra6 80. Re2 Kg6 81. Re3 Ra2+ 82. Kf3 Ra6 83. Re5 Ra3+ 84. Kf4 Ra4+ 85. Re4 Ra6 86. Rd4 Rf6+ 87. Ke4 Re6+ 88. Kf4 Rf6+ 89. Ke3 Re6+ 90. Re4 Ra6 91. Re5 Ra3+ 92. Kf4 Ra4+ 93. Re4 Ra6 94. Re8 Ra4+ 95. Ke5 Ra3 96. Rd8 Re3+ 97. Kf4 Re6 98. Rg8+ Kh7 99. Rf8 Kg6 100. Rg8+ Kh7 101. Rg5 Kh6 102. Re5 Rf6+ 103. Rf5 Re6 104. Re5 Rf6+ 105. Ke4 Kg6 106. Rg5+ Kh6 107. Rd5 1/2-1/2

[Event "Titled Tuesday intern op 19th May"]
[Site "Chess.com INT"]
[Date "2020.05.19"]
[Round "5"]
[White "Alonso Bouza, Julio Javier"]
[Black "Almeida Quintana, Omar"]
[Result "1/2-1/2"]
[WhiteElo "2417"]
[BlackElo "2535"]
[PlyCount "125"]
[EventDate "2020.05.19"]
[EventType "swiss (blitz)"]
[EventRounds "10"]
[EventCountry "USA"]
[SourceTitle "EXT 2021"]
[Source "ChessBase"]
[SourceDate "2020.10.23"]
[SourceVersion "1"]
[SourceVersionDate "2020.10.23"]
[SourceQuality "1"]

1. e4 d6 2. Nf3 Nf6 3. Nc3 g6 4. d4 Bg7 5. Bc4 0-0 6. Qe2 c6 7. e5 Ne8 8. h4 Bg4 9. h5 gxh5 10. e6 d5 11. Bd3 fxe6 12. Bxh7+ Kxh7 13. Ng5+ Kg8 14. f3 Bf5 15. g4 hxg4 16. fxg4 Bg6 17. Nxe6 Qd6 18. Nxf8 Kxf8 19. Bf4 Qxf4 20. Rf1 Qxf1+ 21. Qxf1+ Kg8 22. 0-0-0 Nd7 23. Qe2 Bf6 24. Qe6+ Kg7 25. Qxd7 Nd6 26. Re1 Kf7 27. Re6 Nc4 28. b3 Nb6 29. Rxf6+ Kxf6 30. g5+ Kf7 31. Qxb7 Rh8 32. Kb2 Rh2 33. Qxc6 Rxc2+ 34. Ka3 e6 35. Kb4 Ke7 36. Qc7+ Nd7 37. Qxa7 Bf5 38. a4 Rg2 39. a5 Rxg5 40. a6 Rg8 41. Nb5 Rb8 42. Ka5 Bd3 43. Nc3 Rxb3 44. Qc7 Ra3+ 45. Kb4 Rxa6 46. Na4 Rd6 47. Nc5 Bf5 48. Kc3 Bg6 49. Nxd7 Rxd7 50. Qc5+ Kf7 51. Kd2 Bf5 52. Ke3 Kg6 53. Kf4 Rf7 54. Ke5 Rg7 55. Qd6 Rf7 56. Qd8 Kg7 57. Qg5+ Kf8 58. Qh6+ Kg8 59. Qg5+ Kh7 60. Qh4+ Kg7 61. Qg5+ Kh7 62. Qh4+ Kg7 63. Qg5+ 1/2-1/2

[Event "Titled Tuesday intern op 19th May"]
[Site "Chess.com INT"]
[Date "2020.05.19"]
[Round "6"]
[White "Alonso Bouza, Julio Javier"]
[Black "Ghasi, Ameet K"]
[Result "0-1"]
[WhiteElo "2417"]
[BlackElo "2485"]
[PlyCount "88"]
[EventDate "2020.05.19"]
[EventType "swiss (blitz)"]
[EventRounds "10"]
[EventCountry "USA"]
[SourceTitle "EXT 2021"]
[Source "ChessBase"]
[SourceDate "2020.10.23"]
[SourceVersion "1"]
[SourceVersionDate "2020.10.23"]
[SourceQuality "1"]

1. e4 c6 2. d4 d5 3. exd5 cxd5 4. c4 Nf6 5. Nc3 Be6 6. Nf3 Nc6 7. Bg5 h6 8. Bxf6 exf6 9. cxd5 Bxd5 10. Nxd5 Qxd5 11. a3 Be7 12. Be2 0-0 13. 0-0 Rfd8 14. Rc1 Bf8 15. Bc4 Qd7 16. d5 Ne7 17. Qb3 Nf5 18. Bb5 Qxd5 19. Bc4 Qd7 20. Rfd1 Nd6 21. Bd5 Rac8 22. Rxc8 Qxc8 23. Nd4 a6 24. h3 g6 25. Qd3 Kg7 26. Qf3 Qc5 27. b4 Qc7 28. Qf4 Qe7 29. Nf3 Nb5 30. Re1 Qd7 31. Be4 Bd6 32. Qh4 Re8 33. Re3 f5 34. Bd3 Rxe3 35. fxe3 Be7 36. Qc4 Bf6 37. Bf1 Nxa3 38. Qb3 Nb5 39. Bc4 Nc3 40. Qc2 b5 41. Bb3 Qe7 42. Nd4 Qxe3+ 43. Kh1 Bxd4 44. Qxc3 Qg1# 0-1

[Event "Titled Tuesday intern op 19th May"]
[Site "Chess.com INT"]
[Date "2020.05.19"]
[Round "4"]
[White "Pavlov, Danila"]
[Black "Alonso Bouza, Julio Javier"]
[Result "0-1"]
[WhiteElo "2348"]
[BlackElo "2417"]
[PlyCount "54"]
[EventDate "2020.05.19"]
[EventType "swiss (blitz)"]
[EventRounds "10"]
[EventCountry "USA"]
[SourceTitle "EXT 2021"]
[Source "ChessBase"]
[SourceDate "2020.10.23"]
[SourceVersion "1"]
[SourceVersionDate "2020.10.23"]
[SourceQuality "1"]

1. e4 e6 2. d4 d5 3. Nc3 Nc6 4. e5 Bd7 5. Bb5 Bb4 6. a3 Bxc3+ 7. bxc3 Nxe5 8. Bxd7+ Nxd7 9. Qg4 Qf6 10. Nf3 Qg6 11. Qh3 Qxc2 12. 0-0 Qxc3 13. Bf4 c6 14. Rab1 Nb6 15. Bc7 Nf6 16. Bxb6 axb6 17. Rxb6 0-0 18. Rxb7 Rxa3 19. Qg3 Ra1 20. Rfb1 Rxb1+ 21. Rxb1 Ne4 22. Qc7 Qc2 23. Rf1 h6 24. Ne5 Nd2 25. Re1 Qc3 26. h3 f6 27. Qxc6 Nf3+ 0-1

[Event "Canarias-chT Honor"]
[Site "Spain"]
[Date "2020.01.25"]
[Round "3.1"]
[White "Perez Guerra, Raul"]
[Black "Alonso Bouza, Julio Javier"]
[Result "1/2-1/2"]
[WhiteElo "2101"]
[BlackElo "2415"]
[PlyCount "74"]
[EventDate "2020.01.11"]
[EventType "team-tourn"]
[EventRounds "9"]
[EventCountry "ESP"]
[SourceTitle "CBM 195 Extra"]
[Source "ChessBase"]
[SourceDate "2020.05.31"]
[SourceVersion "1"]
[SourceVersionDate "2020.05.31"]
[SourceQuality "1"]
[WhiteTeam "Guia"]
[BlackTeam "Fundacion La Caja de Canarias"]
[WhiteTeamCountry "ESP"]
[BlackTeamCountry "ESP"]

1. e4 d6 2. Nc3 g6 3. g3 Bg7 4. Bg2 e5 5. d3 c6 6. a4 a5 7. Nh3 Nf6 8. 0-0 h6 9. f4 Na6 10. Nf2 Qb6 11. Qf3 Bg4 12. Be3 Bxf3 13. Bxb6 Bxg2 14. Kxg2 Nb4 15. Rac1 exf4 16. gxf4 c5 17. Nb5 Kd7 18. c3 Nbd5 19. exd5 Nxd5 20. Ne4 Nxb6 21. Nexd6 Nxa4 22. Nxf7 Rhe8 23. b3 Nb6 24. Rce1 Rxe1 25. Rxe1 Nd5 26. Ne5+ Bxe5 27. fxe5 a4 28. bxa4 Rxa4 29. c4 Nf4+ 30. Kf3 Ne6 31. Ke4 Ra2 32. Rf1 Ke7 33. Rf6 g5 34. Nc3 Rxh2 35. Nd5+ Kd7 36. Nb6+ Ke7 37. Nd5+ Kd7 1/2-1/2

[Event "Tenerife-chT Preferente 1920"]
[Site "Tenerife"]
[Date "2019.11.30"]
[Round "1.1"]
[White "Alonso Bouza, Julio Javier"]
[Black "Mendoza Contreras, Lucas Eduardo"]
[Result "1-0"]
[WhiteElo "2412"]
[BlackElo "2068"]
[PlyCount "129"]
[EventDate "2019.11.30"]
[EventType "team-tourn"]
[EventRounds "14"]
[EventCountry "ESP"]
[SourceTitle "CBM 195 Extra"]
[Source "ChessBase"]
[SourceDate "2020.05.31"]
[SourceVersion "1"]
[SourceVersionDate "2020.05.31"]
[SourceQuality "1"]
[WhiteTeam "Fundacion La Caja de Canarias"]
[BlackTeam "Canarias 64"]
[WhiteTeamCountry "ESP"]
[BlackTeamCountry "ESP"]

1. e4 e5 2. Nf3 Nc6 3. Bb5 a6 4. Ba4 Nf6 5. Qe2 b5 6. Bb3 Be7 7. c3 d6 8. d4 Bg4 9. d5 Na5 10. Bc2 c6 11. dxc6 Nxc6 12. 0-0 0-0 13. Rd1 Qd7 14. h3 Bxf3 15. Qxf3 Qc7 16. Bb3 Na5 17. Bg5 Nc4 18. Bxf6 Bxf6 19. Bxc4 bxc4 20. Nd2 Rab8 21. Rab1 Bg5 22. b4 cxb3 23. axb3 Bxd2 24. Rxd2 Rfc8 25. c4 Rb6 26. Rd3 a5 27. Ra1 Rb4 28. Rad1 Rd8 29. Rd5 a4 30. bxa4 Rxc4 31. a5 Ra4 32. Qe3 Rxa5 33. Rc1 Qa7 34. Rxd6 Rf8 35. Qg3 Ra1 36. Rxa1 Qxa1+ 37. Kh2 Qe1 38. Qf3 g6 39. Rd5 f5 40. Qb3 Kh8 41. Qb2 Re8 42. Rxe5 Rxe5 43. Qxe5+ Kg8 44. Qe8+ Kg7 45. Qe7+ Kg8 46. Qe6+ Kg7 47. Qe5+ Kg8 48. Qd5+ Kg7 49. Qd4+ Kf7 50. exf5 gxf5 51. Qf4 Kg6 52. h4 Qe6 53. g3 h6 54. Qd4 Qc6 55. Qd3 Kf6 56. Qe3 Kg6 57. Qf4 Qe6 58. Qf3 Qe5 59. Qc6+ Kh5 60. Qd7 Kg6 61. Qc6+ Kh5 62. Kg2 Qe7 63. Qd5 Qf6 64. Qg8 Qe7 65. Kh3 1-0

[Event "La Palma Island op"]
[Site "Santa Cruz de La Palma"]
[Date "2019.08.12"]
[Round "5"]
[White "Roeder, Matthias"]
[Black "Alonso Bouza, Julio Javier"]
[Result "1/2-1/2"]
[WhiteElo "2373"]
[BlackElo "2395"]
[PlyCount "77"]
[EventDate "2019.08.09"]
[EventType "swiss"]
[EventRounds "10"]
[EventCountry "ESP"]
[SourceTitle "CBM 191 Extra"]
[Source "ChessBase"]
[SourceDate "2019.09.30"]
[SourceVersion "1"]
[SourceVersionDate "2019.09.30"]
[SourceQuality "1"]

1. Nf3 Nf6 2. g3 d5 3. Bg2 e6 4. 0-0 Be7 5. c4 0-0 6. d4 dxc4 7. Qa4 Qd5 8. Nc3 Qc6 9. Qa5 Rd8 10. Rd1 Na6 11. Ne5 Qe8 12. a3 c6 13. Nxc4 b6 14. Qe5 Nd5 15. Qe4 Bb7 16. Qc2 c5 17. dxc5 Nxc5 18. Nxd5 Bxd5 19. Bxd5 exd5 20. Ne5 Rac8 21. Bf4 Ne4 22. Qb3 Bc5 23. Rxd5 Nxf2 24. Kg2 Ne4 25. Rad1 Rxd5 26. Qxd5 Nf6 27. Qf3 Qe6 28. Rd2 h6 29. h4 a5 30. e3 Bd6 31. Nd3 Ne4 32. Re2 b5 33. Bxd6 Nxd6 34. e4 Nc4 35. e5 Re8 36. Nf4 Nxe5 37. Qb7 Qf5 38. Qxb5 Re7 39. Qd5 1/2-1/2

[Event "La Palma Island op"]
[Site "Santa Cruz de La Palma"]
[Date "2019.08.11"]
[Round "4"]
[White "Alonso Bouza, Julio Javier"]
[Black "Ambartsumova, Karina"]
[Result "1-0"]
[WhiteElo "2395"]
[BlackElo "2337"]
[PlyCount "81"]
[EventDate "2019.08.09"]
[EventType "swiss"]
[EventRounds "10"]
[EventCountry "ESP"]
[SourceTitle "CBM 191 Extra"]
[Source "ChessBase"]
[SourceDate "2019.09.30"]
[SourceVersion "1"]
[SourceVersionDate "2019.09.30"]
[SourceQuality "1"]

1. e4 e5 2. Nf3 Nc6 3. Bb5 Nf6 4. Qe2 Bd6 5. c3 0-0 6. d3 Re8 7. h3 Bf8 8. Bg5 d6 9. Nbd2 Bd7 10. a4 h6 11. Bxf6 Qxf6 12. Nf1 d5 13. Ne3 d4 14. Ng4 Qd6 15. 0-0 h5 16. Ngh2 dxc3 17. bxc3 a6 18. Bc4 Be6 19. Bxe6 Qxe6 20. Ng5 Qg6 21. h4 f6 22. Nh3 Rad8 23. f4 Bd6 24. f5 Qh6 25. Rf3 Rd7 26. Kh1 Red8 27. Rg3 Bc5 28. Rf1 Kf8 29. Ng5 fxg5 30. hxg5 Qh8 31. Rh3 Qg8 32. Rxh5 Rxd3 33. Qg4 Ke8 34. f6 gxf6 35. g6 Be7 36. g7 Kf7 37. Qf5 Kxg7 38. Ng4 Rd1 39. Rxd1 Rxd1+ 40. Kh2 Rf1 41. Qxf1 1-0

[Event "Sant Antoni de Portmany 1st"]
[Site "Sant Antoni de Portmany"]
[Date "2019.06.02"]
[Round "9"]
[White "Alonso Bouza, Julio Javier"]
[Black "Villuendas Valero, Adrian"]
[Result "1-0"]
[WhiteElo "2404"]
[BlackElo "2242"]
[PlyCount "63"]
[EventDate "2019.05.27"]
[EventType "tourn"]
[EventRounds "9"]
[EventCountry "ESP"]
[EventCategory "3"]
[SourceTitle "EXT 2024"]
[Source "ChessBase"]
[SourceDate "2023.10.10"]
[SourceVersion "1"]
[SourceVersionDate "2023.10.10"]
[SourceQuality "1"]

1. e4 e6 2. d4 d5 3. Nd2 Ne7 4. Ngf3 Nd7 5. c3 c5 6. Bd3 cxd4 7. cxd4 dxe4 8. Nxe4 Nd5 9. 0-0 Be7 10. a3 0-0 11. Bd2 b6 12. Rc1 Bb7 13. Re1 N7f6 14. Ne5 Nxe4 15. Bxe4 f5 16. Bf3 Rc8 17. Qa4 Rxc1 18. Rxc1 Bg5 19. Bxg5 Qxg5 20. Rd1 Qe7 21. h3 Rc8 22. Re1 a6 23. Qd7 Rc7 24. Qxe7 Nxe7 25. Bxb7 Rxb7 26. Nf3 Kf7 27. Ng5+ Kf6 28. f4 g6 29. Nxh7+ Kg7 30. Ng5 Kf6 31. Rxe6+ Kg7 32. Rd6 1-0

[Event "Sant Antoni de Portmany 1st"]
[Site "Sant Antoni de Portmany"]
[Date "2019.05.29"]
[Round "4"]
[White "Alonso Bouza, Julio Javier"]
[Black "Barbero Sendic, Alejandro"]
[Result "1/2-1/2"]
[WhiteElo "2404"]
[BlackElo "2343"]
[PlyCount "60"]
[EventDate "2019.05.27"]
[EventType "tourn"]
[EventRounds "9"]
[EventCountry "ESP"]
[EventCategory "3"]
[SourceTitle "EXT 2024"]
[Source "ChessBase"]
[SourceDate "2023.10.10"]
[SourceVersion "1"]
[SourceVersionDate "2023.10.10"]
[SourceQuality "1"]

1. e4 e6 2. d4 d5 3. Nd2 c5 4. exd5 Qxd5 5. dxc5 Bxc5 6. Ngf3 Nf6 7. Bc4 Qc6 8. Qe2 a6 9. a4 0-0 10. 0-0 b6 11. Ne5 Qc7 12. Ndf3 Nc6 13. Nxc6 Qxc6 14. Ne5 Qe4 15. Qxe4 Nxe4 16. Nd3 Be7 17. Be3 Bb7 18. f3 Rac8 19. Bb3 Nc5 20. Nxc5 Bxc5 21. Bxc5 Rxc5 22. Rfd1 Rfc8 23. Rd6 R5c6 24. Rad1 Kf8 25. Rd7 R6c7 26. R7d6 Rc6 27. Rd7 R6c7 28. R7d6 Rc6 29. Rd7 R6c7 30. R7d6 Rc6 1/2-1/2